000 01089cam a22001814a 4500
005 20250605164354.0
008 250528s ||||||||||||||||||||||||d
035 _a24264
040 _aGR-AtMCL
_bgre
_dGR-AtMCL
_eAACR2
245 1 _aΧρήμα / Διαχείριση Περιουσίας: Ανάζητώντας Αποδοτικές και Ασφαλείς Επενδύσεις
260 _bEthos Media,
_c2019
300 _a80
520 _aΝικητές Επιχειρηματικών Βραβείων Χρήμα: Οι Καλύτερς Εισηγμένες του 2019, Απολογισμός 2nd NPL Summit Παρουσία του Υπουργού Οικονομικών, Wealth and Asset Management - Επαγγελματικά Ταμεία: Αναζητώντας Αποδοτικές και Ασφαλείς Επενδύσεις, Απολογισμός Greek Exports Awards: Βραβεύτηκαν οι Κορυφαίες Εξαγωγικές Εταιρίες.
700 1 _aΟυζούνη Κωνσταντίνος
_99441
942 _cCR
999 _c9154
_d9154